[Event "AUTO-INT-15"]
[Site "http://www.queenalice.com/game.php?id=14855"]
[Date "2005.5.31"]
[Round "1"]
[White "millie"]
[Black "SilvanoMeurer"]
[Result "0-1"]
[WhiteElo "1338"]
[BlackElo "1547"]

1. d4 g6 2. e3 d5 3. Bb5+ c6 4. Bd3 Bg7 5. b3 Nf6 6. f3 O-O 7. h4 Nh5 8. g4 Nf6
9. Bd2 Qd6 10. Nh3 Qg3+ 11. Nf2 Qd6 12. g5 Nh5 13. Rg1 Qh2 14. Rf1 Qxh4 15. Bb4
Qxg5 16. Qd2 Ng3 17. Rg1 Qh4 18. Na3 Qh2 19. Bxe7 Qxg1+ 20. Bf1 Qxf1# 0-1

[Event "AUTO-INT-15"]
[Site "http://www.queenalice.com/game.php?id=14856"]
[Date "2005.5.31"]
[Round "1"]
[White "SilvanoMeurer"]
[Black "millie"]
[Result "1-0"]
[WhiteElo "1568"]
[BlackElo "1288"]

1. e4 e6 2. d4 Qf6 3. c3 Qh4 4. Qf3 Bd6 5. g3 Qe7 6. e5 c6 7. exd6 Qxd6 8. Qg4
g6 9. Nf3 Nh6 10. Bxh6 a5 11. Ne5 f5 12. Qg5 Qe7 13. Qf4 d6 14. Bg5 Qg7 15. Nc4
Qc7 16. Nxd6+ Kd7 17. Qe5 h6 18. Qg7+ Kxd6 19. Bf4+ Kd5 20. Qxc7 Na6 21. Qe5#
1-0

[Event "AUTO-INT-15"]
[Site "http://www.queenalice.com/game.php?id=14866"]
[Date "2005.5.31"]
[Round "1"]
[White "Pestilence"]
[Black "SilvanoMeurer"]
[Result "1-0"]
[WhiteElo "1549"]
[BlackElo "1481"]

1. e4 e5 2. f4 exf4 3. Nf3 Nf6 4. Nc3 Ng4 5. Qe2 Nc6 6. h3 Nge5 7. Nxe5 Nxe5 8.
Qh5 Qe7 9. Nb5 g6 10. Qe2 Kd8 11. d4 Nc6 12. Bxf4 Qh4+ 13. g3 Qe7 14. h4 d6 15.
e5 dxe5 16. dxe5 Qb4+ 17. c3 Qc5 18. O-O-O+ Ke8 19. Nxc7+ 1-0

[Event "Challenge"]
[Site "http://www.queenalice.com/game.php?id=14924"]
[Date "2005.6.1"]
[Round "-"]
[White "SilvanoMeurer"]
[Black "schachmattorwieorwatt"]
[Result "1-0"]
[WhiteElo "1463"]
[BlackElo "1210"]

1. e4 e5 2. d4 exd4 3. Qxd4 Nc6 4. Qd5 Nb4 5. Qe5+ Be7 6. Qxg7 Bf6 7. Qg3 Ne7 8.
Qb3 Nec6 9. Bd2 Be7 10. Bc3 a5 11. Bxh8 d6 12. c3 Kd7 13. Bg7 Qg8 14. Bh6 Qg6
15. Be3 Qxe4 16. cxb4 a4 17. Qc3 d5 18. Nd2 Qf5 19. g3 Bxb4 20. Bh3 Bxc3 21.
Bxf5+ Kd8 22. Bxc8 Kxc8 23. bxc3 1-0

[Event "Challenge"]
[Site "http://www.queenalice.com/game.php?id=21198"]
[Date "2005.7.24"]
[Round "-"]
[White "atomic"]
[Black "SilvanoMeurer"]
[Result "1-0"]
[WhiteElo "1645"]
[BlackElo "1496"]

1. e4 d5 2. exd5 Qxd5 3. Nc3 Qe5+ 4. Qe2 Qxe2+ 5. Bxe2 b6 6. Bf3 c6 7. Nh3 Nf6
8. Nb5 Kd7 9. d3 Nd5 10. Nc3 Nb4 11. Bd1 Bb7 12. a3 Nd5 13. Nxd5 cxd5 14. O-O
Nc6 15. c3 1-0

[Event "AUTO-ADV-59"]
[Site "http://www.queenalice.com/game.php?id=21218"]
[Date "2005.7.24"]
[Round "1"]
[White "SMaur"]
[Black "SilvanoMeurer"]
[Result "1-0"]
[WhiteElo "1577"]
[BlackElo "1477"]

1. c4 d5 2. cxd5 Qxd5 3. Nc3 Qc5 4. d4 Qb4 5. e4 Nc6 6. d5 Nd4 7. Be3 c5 8. Bxd4
cxd4 9. Bb5+ Kd8 10. Ne2 dxc3 11. Nxc3 Qxb2 12. Rc1 a6 13. Bc4 Bg4 14. Qc2 Qxc2
15. Rxc2 Nf6 16. e5 Nh5 17. O-O b5 18. Bb3 Nf4 19. Ne4 Bf5 20. Re1 Nd3 21. Re3
Nb4 22. Rc1 g6 23. d6 exd6 24. exd6 Bh6 25. Nc5 Bxe3 26. Nb7+ Kd7 27. Rc7+ Ke8
28. Bxf7+ 1-0

[Event "AUTO-ADV-59"]
[Site "http://www.queenalice.com/game.php?id=21219"]
[Date "2005.7.24"]
[Round "1"]
[White "SilvanoMeurer"]
[Black "SMaur"]
[Result "0-1"]
[WhiteElo "1517"]
[BlackElo "1578"]

1. d4 d5 2. Nf3 Bg4 3. Ne5 Nf6 4. f3 Bf5 5. c3 e6 6. Qa4+ c6 7. g4 Bxb1 8. Rxb1
Nbd7 9. Nxd7 Qxd7 10. g5 Nh5 11. b4 b5 12. Qa5 g6 13. f4 Bd6 14. e3 O-O 15. Bh3
a6 0-1

[Event "AUTO-ADV-59"]
[Site "http://www.queenalice.com/game.php?id=21230"]
[Date "2005.7.24"]
[Round "1"]
[White "diego2907"]
[Black "SilvanoMeurer"]
[Result "1-0"]
[WhiteElo "1663"]
[BlackElo "1541"]

1. e4 d5 2. exd5 Qxd5 3. Nc3 Qe5+ 4. Be2 Qg5 5. Bf3 e5 6. Ne4 Qf4 7. Qe2 Nc6 8.
d3 Qf5 9. a3 Nd4 10. Qd1 b6 11. c3 Nxf3+ 12. Nxf3 Bb7 13. Qe2 O-O-O 14. Nh4 Qe6
15. Nf3 f5 16. Neg5 Qh6 17. Nf7 Qg6 18. Nxd8 Kxd8 19. Bg5+ 1-0

[Event "AUTO-ADV-59"]
[Site "http://www.queenalice.com/game.php?id=21231"]
[Date "2005.7.24"]
[Round "1"]
[White "SilvanoMeurer"]
[Black "diego2907"]
[Result "0-1"]
[WhiteElo "1580"]
[BlackElo "1629"]

1. d4 d5 2. e3 Nc6 3. c3 Bf5 4. Nd2 h6 5. f4 e6 6. g4 Bg6 7. Qb3 Na5 8. Qb5+ Nc6
9. Qxb7 Na5 10. Qb5+ c6 11. Qa6 Bd6 12. b4 Qh4+ 0-1

[Event "AUTO-ADV-59"]
[Site "http://www.queenalice.com/game.php?id=21238"]
[Date "2005.7.24"]
[Round "1"]
[White "SilvanoMeurer"]
[Black "alexsoncini"]
[Result "0-1"]
[WhiteElo "1548"]
[BlackElo "1853"]

1. d4 d5 2. c3 Nf6 3. Qa4+ Qd7 4. Qb4 e5 5. Qb3 e4 6. e3 c6 7. g3 Qc7 8. f4 Bd6
9. c4 O-O 10. c5 Be7 11. Bd2 Nbd7 12. Nc3 b6 13. h4 bxc5 14. dxc5 Nxc5 15. Qb4
Rb8 16. Qd4 Ng4 17. b4 Ne6 18. Nxd5 Nxd4 19. Nxc7 Nc2+ 20. Ke2 Nxa1 21. Na6
Bxa6+ 22. Ke1 Nc2+ 23. Kd1 Ncxe3+ 24. Bxe3 Nxe3+ 25. Kd2 Nxf1+ 0-1

[Event "AUTO-ADV-59"]
[Site "http://www.queenalice.com/game.php?id=21239"]
[Date "2005.7.24"]
[Round "1"]
[White "alexsoncini"]
[Black "SilvanoMeurer"]
[Result "1-0"]
[WhiteElo "1859"]
[BlackElo "1521"]

1. d4 g6 2. e4 Bg7 3. Nf3 Nf6 4. e5 Nd5 5. c4 Nb6 6. h4 d6 7. Bf4 dxe5 8. Bxe5
Bxe5 9. Nxe5 Nc6 10. Nxc6 bxc6 11. Be2 Qd6 12. c5 Qd5 13. O-O Nc4 14. b3 Nb2 15.
Qd2 Qe4 16. Qxb2 O-O 17. Bf3 Qd3 18. Na3 Ba6 19. Rad1 Qf5 20. Rfe1 e6 21. Qc3
1-0

[Event "AUTO-INT-15"]
[Site "http://www.queenalice.com/game.php?id=40025"]
[Date "2005.11.27"]
[Round "2"]
[White "Pestilence"]
[Black "SilvanoMeurer"]
[Result "1-0"]
[WhiteElo "1667"]
[BlackElo "1465"]

1. e4 Nf6 2. e5 Ne4 3. d3 Nc5 4. d4 e6 5. dxc5 Bxc5 6. Nf3 d5 7. Bg5 Bb4+ 8. c3
Be7 9. Be3 Nc6 10. Bb5 a6 11. Ba4 b5 12. Bc2 g5 13. Qd2 h6 14. h3 1-0

[Event "AUTO-INT-15"]
[Site "http://www.queenalice.com/game.php?id=40026"]
[Date "2005.11.27"]
[Round "2"]
[White "SilvanoMeurer"]
[Black "Pestilence"]
[Result "0-1"]
[WhiteElo "1457"]
[BlackElo "1675"]

1. e4 c5 2. d3 Nc6 3. f4 g6 4. e5 e6 5. Nf3 Nge7 6. g4 Nd5 7. c4 Ndb4 8. a3
Nxd3+ 9. Qxd3 Nd4 10. Nxd4 Qh4+ 11. Kd1 Qxg4+ 12. Nf3 b5 13. cxb5 Bb7 0-1